Computer numerical control ( concept and programming) (Record no. 283)
[ view plain ]
| 000 -LEADER | |
|---|---|
| fixed length control field | 00774nam a22002657a 4500 |
| 008 - FIXED-LENGTH DATA ELEMENTS--GENERAL INFORMATION | |
| fixed length control field | 130430b xxu||||| |||| 00| 0 eng d |
| 020 ## - INTERNATIONAL STANDARD BOOK NUMBER | |
| International Standard Book Number | 981-240-387-6 |
| 024 ## - OTHER STANDARD IDENTIFIER | |
| Terms of availability | Available |
| 037 ## - SOURCE OF ACQUISITION | |
| Terms of availability | Available |
| 040 ## - CATALOGING SOURCE | |
| Original cataloging agency | MBSTU LIBRARY |
| Modifying agency | MBSTU LIBRARY |
| 082 ## - DEWEY DECIMAL CLASSIFICATION NUMBER | |
| Edition number | 22 |
| Classification number | 621.9023 SEC |
| 100 ## - MAIN ENTRY--PERSONAL NAME | |
| Personal name | Seames , Warran S. |
| 110 ## - MAIN ENTRY--CORPORATE NAME | |
| Corporate name or jurisdiction name as entry element | Raldhw, Kiefer. |
| 245 ## - TITLE STATEMENT | |
| Title | Computer numerical control ( concept and programming) |
| 250 ## - EDITION STATEMENT | |
| Edition statement | 4th |
| 260 ## - PUBLICATION, DISTRIBUTION, ETC. (IMPRINT) | |
| Place of publication, distribution, etc. | Singapore |
| Name of publisher, distributor, etc. | Thomson Asia Ltd. |
| Date of publication, distribution, etc. | 2002 |
| 300 ## - PHYSICAL DESCRIPTION | |
| Extent | 24 cm. |
| Other physical details | 438 page |
| Type of unit | 1 |
| Size of unit | 24 cm. |
| 600 ## - SUBJECT ADDED ENTRY--PERSONAL NAME | |
| Personal name | Numerical control. |
| 650 ## - SUBJECT ADDED ENTRY--TOPICAL TERM | |
| Source of heading or term | Numerical control. |
| 700 ## - ADDED ENTRY--PERSONAL NAME | |
| Personal name | Seames , Warran S. |
| 270 ## - ADDRESS | |
| Address | Singapore |
| City | Singapore |
| Country | Singapore |
| 365 ## - TRADE PRICE | |
| Price amount | 3442.00 |
| Unit of pricing | 3442.00 |
| 942 ## - ADDED ENTRY ELEMENTS (KOHA) | |
| Source of classification or shelving scheme | |
| Koha item type | Books |
No items available.
